| 000 | 00998cam a2200349 4500 | ||
|---|---|---|---|
| 001 | ABS63402 | ||
| 008 | 000000n2001 000 0 eng u | ||
| 035 | _a(Sirsi) u110732 | ||
| 245 | _aRegional survey: Hertfordshire | ||
| 260 | _c2001 | ||
| 490 |
_aProperty Week _v66(2) 12 January 2001, 43-56(6) |
||
| 590 | _aABS | ||
| 650 | _aBISHOPS STORTFORD | ||
| 650 | _aBOREHAMWOOD | ||
| 650 | _aELSTREE | ||
| 650 | _aHATFIELD | ||
| 650 | _aHEMEL HEMPSTEAD | ||
| 650 | _aHERTFORDSHIRE | ||
| 650 | _aHITCHIN | ||
| 650 | _aINDUSTRIAL MARKET | ||
| 650 | _aLEAVESDEN | ||
| 650 | _aPROPERTY-COMMERCIAL PROPERTY-OFFICE PROPERTY-OFFICE PROPERTY MARKET | ||
| 650 | _aPROPERTY-COMMERCIAL PROPERTY-RETAIL PROPERTY-RETAIL PROPERTY MARKET | ||
| 650 | _aRICKMANSWORTH | ||
| 650 | _aST ALBANS | ||
| 650 | _aSTEVENAGE | ||
| 650 | _aWALTHAM CROSS | ||
| 650 | _aWATFORD | ||
| 650 | _aWELWYN GARDEN CITY | ||
| 690 | _aPROPERTY-COMMERCIAL PROPERTY-COMMERCIAL PROPERTY MARKET | ||
| 942 | _n0 | ||
| 999 |
_c65998 _d65998 |
||